000 00342nam a22001457a 4500
008 250602b |||||||| |||| 00| 0 eng d
020 _a9781844749089
050 _aBT77
_b.S76
100 _aScott John
245 _aBasic Christianity
260 _aEngland
_bInter-Verrsity Press
_c2008
300 _a192p
650 _atheology
942 _cBK
999 _c3731
_d3731